00657nam a2200229Ia 4500001000600000003000900006008004100015040001300056040001300069041001300082100002000095100002900115245004300144245004800187250001100235260001200246260001300258260004900271300005500320650002100375650003100396 3846IT-RoPAU130308s9999 xx 000 0 und d aIT-RoPAU cIT-RoPAU aITALIANO aMaldonado Tomas gCodice Aut. SPICS: 4304 aDue anime della cultura di Weimar (Le) bCultura e Cinema nella Repubblica di Weimar a1a ed. aVENEZIA bMarsilio c1978 [1° Ed.:1978 - Ed.Ling.Originale:1978] a"8 p. (prefazione: no ; testo: 8 [pagine: 87-94])" aSAGGI SUL CINEMA eCodice materia Spics: 6811